| 000 | 00715nam a2200241 i 4500 | ||
|---|---|---|---|
| 001 | 92519 | ||
| 003 | ES-MaACL | ||
| 005 | 20230906181005.0 | ||
| 007 | t| | ||
| 008 | 050310s1981 sp |||| | spa d | ||
| 020 | _a84-306-3007-5 | ||
| 080 | _a141.336 | ||
| 100 | 1 |
_aLings, Martín. _972440 |
|
| 245 | 1 | 1 |
_a¿Qué es el sufismo? / _cMartín Lings ; versión de Alejandro Corniero. |
| 260 |
_a[Madrid] : _bTaurus, _c[1981] |
||
| 300 |
_a138 p. ; _c21 cm. |
||
| 490 | 1 |
_aBiblioteca de estudios tradicionales ; _v7 |
|
| 650 | 4 |
_aSufismo. _917256 |
|
| 700 | 1 |
_aCorniero, Alejandro. _940632 |
|
| 830 | 1 |
_aBiblioteca de estudios tradicionales ; _v7 _9182128 |
|
| 852 |
_aES-MaACL _jL-1324 |
||
| 999 |
_c92519 _d92519 |
||